00793nam a2200193 i 4500001000300000100002200003245022200025250002900247260004100276300002600317504002700343650003200370020001500402040000800417041000900425080002600434008004100460856009800501bg1 aPIEŃKOS, Jerzy.10aSłownik łacińsko-polski :błacina w nauce i kulturze : nauki humanistyczne i społeczne, prawo rzymskie i kanoniczne, teologiczne słownictwo kościelne, sentencje, maksymy, aforyzmy, paremie /cJerzy Pieńkos. a[Wyd. 2 rozsz. i popr.]. aWarszawa :bWydaw. Prawnicze,c1996. a477, [3] s. ;c21 cm. aBibliogr s. 477-[478]. 9aSłownik łacińsko-polski a8321907229 cBPK0 apllt a811.124::811.162.1]-3 s pl f |000 0 pol  uhttp://koha.tu.koszalin.pl/cgi-bin/koha/opac-detail.pl?biblionumber=31115yKatalog online BPK